South Eastern Kenya University

Library Online Public Access Catalogue


The realm of the nebulae / (Record no. 13523)

MARC details
000 -LEADER
fixed length control field 00631cam a22001697a 4500
020 ## - ISBN
International Standard Book Number 9780300187120 (pbk.)
020 ## - ISBN
International Standard Book Number 0300187122 (pbk.)
050 00 - LIBRARY OF CONGRESS CALL NUMBER
Classification Number QB 855
Item Number .H7 2013
100 1# - MAIN ENTRY--Author
Personal name Hubble, Edwin,
Dates associated with a name 1889-1953.
245 14 - TITLE
Title The realm of the nebulae /
Statement of responsibility, etc Edwin Hubble ; with new forewords by Robert P. Kirshner and Sean M. Carroll.
260 ## - PUBLICATION, DISTRIBUTION, ETC.(IMPRINT)
Place of publication, distribution, etc New Haven :
Name of publisher, distributor, etc Yale University Press,
Date of publication, distribution, etc c2013.
300 ## - PHYSICAL DESCRIPTION
Extent lii, 207 p., xiv leaves of plates :
500 ## - GENERALNOTE
General note Originally published : New Haven : Yale University Press, 1936. With new forewords.
700 1# - ADDED ENTRY--PERSONAL AUTHOR
Personal Name Kirshner, Robert P.,
700 1# - ADDED ENTRY--PERSONAL AUTHOR
Personal Name Carroll, Sean M.,
942 ## - ADDED ENTRY ELEMENTS(KOHA)
Source of classification or shelving scheme Library of Congress Classification
Koha item type General circulation
Holdings
Source of classification or shelving scheme Not for loan Location (home branch) Sublocation (holding branch) Date accessioned Source of acquisition Full call number Barcode Koha item type Public note
Library of Congress Classification   SEHSS - Library SEHSS - Library 10/05/2016 donation-books for africa [EHS] QB 855 .H7 2013 2016/017705 General circulation em
Kitui, Kenya.
+254736116989
library@seku.ac.ke